Odgadnij przywódce po jego portrecie - Statystyki

Ogólne statystyki
  • Ten quiz został rozwiązany 14 razy
  • Średni wynik to 4 z 12
Statystyki odpowiedzi
Obrazkowy Odpowiedź % Poprawnych
Elżbieta II
100%
Juliusz Cezar
79%
Czyngis-Chan
71%
Katarzyna II Wielka
71%
Witold Kiejstutowicz
36%
Wilhelm Zdobywca
29%
Karol II Łysy
14%
Ludwik IX Święty
14%
Carl Gustaf Emil Mannerheim
7%
Fryderyk I Barbarossa
7%
Harald Sinozęby
7%
Montezuma II
7%
Nie znaleziono quizów pasujących do podanych kryteriów
Rozkład punktacji
Procent ludzi z każdym wynikiem
Percentyl według liczby udzielonych odpowiedzi
Twoja historia wyników
Nie rozwiązałeś tego quizu